000 00450cam a2200193ua 4500
001 3092
005 20260515113631.0
008 110928n ii |||gr||||Z||||||asm
040 _cMAIN
082 _a891.4513
100 1 _aBaruah, Prahlad Kumar,
245 1 1 _aUpanyas
_cby Prahlad Kumar Baruah
250 _a2nd.
260 _aDibrugarh:
_bBanalata,990.
300 _a104p:
_c23cm.
653 _aAssamese novel
653 _aUpanyas
942 _cBK
999 _c2936
_d2936